[Event "Ch Poland (team) (juniors) (under 20)"]
[Site "masterchessopen.com Poland"]
[Round "0"]
[White "Mikrut Dariusz (POL)"]
[Black "Moniszka Krzysztof (POL)"]
[Result "1-0"]
[WhiteElo "2190"]
[BlackElo "2115"]

1.d4 Nf6 2.c4 g6 3.Nc3 d5 4.cxd5 Nxd5 5.e4 Nxc3 6.bxc3 Bg7 7.Bc4 O-O 8.Ne2 c5
9.O-O Nc6 10.Be3 Bg4 11.f3 Na5 12.Bd3 cxd4 13.cxd4 Be6 14.d5 Bc8 15.Rc1 b6
16.Nd4 e6 17.Nc6 Nxc6 18.dxc6 Qc7 19.Qe2 Rd8 20.f4 Rd6 21.e5 Rd5 22.Be4 Rd8
23.Rfd1 Rxd1+ 24.Rxd1 Bf8 25.Qd3 Be7 26.a4 Kf8 27.Bc1 Ke8 28.Qd6 Bxd6 29.exd6
Qd8 30.d7+ Bxd7 31.cxd7+ Ke7 32.Ba3+ Kf6 33.Bxa8 a6 34.Bb7 b5 35.a5 h6 36.Bc5
{#r} 1-0

[Event "It (open)"]
[Site "masterchessopen.com Seefeld (Austria)"]
[Round "0"]
[White "Garn Erwin (AUT)"]
[Black "Schnitzspan Lothar (GER)"]
[Result "0-1"]
[WhiteElo "2014"]
[BlackElo "2340"]

1.d4 Nf6 2.c4 g6 3.Nc3 d5 4.cxd5 Nxd5 5.e4 Nxc3 6.bxc3 Bg7 7.Bc4 c5 8.Ne2 Nc6
9.Be3 O-O 10.O-O Na5 11.Bd3 Bg4 12.f3 cxd4 13.cxd4 Be6 14.d5 Bxa1 15.Qxa1 f6
16.Nf4 Bf7 17.Bd4 Rc8 18.Rb1 b6 19.Ba6 Rc2 20.Bd3 Rc7 21.e5 Bxd5 22.exf6 exf6
23.Rd1 Rd7 24.Bc3 Qc7 25.Nxd5 Rxd5 26.Bxf6 Qf7 27.Bc3 Rfd8 28.Be2 Nc6 29.Rxd5
Qxd5 30.Bh8 Nd4 31.Qxd4 Qxd4+ 32.Bxd4 Rxd4 33.Kf1 Kf7 34.Bb5 Rd2 35.a4 g5
36.h3 Kf6 37.Kg1 h5 38.g3 h4 {#R} 0-1

[Event "It (open)"]
[Site "masterchessopen.com Tuebingen (Germany)"]
[Round "0"]
[White "Muysers Hendrik"]
[Black "Klehr Winfried (GER)"]
[Result "0-1"]
[WhiteElo "1865"]
[BlackElo "2037"]

1.d4 Nf6 2.c4 g6 3.Nc3 d5 4.cxd5 Nxd5 5.e4 Nxc3 6.bxc3 Bg7 7.Bc4 O-O 8.Be3 c5
9.Ne2 Nc6 10.O-O cxd4 11.cxd4 Bg4 12.f3 Na5 13.Bd3 Be6 14.Rc1 Bxa2 15.Qa4 Be6
16.d5 Bd7 17.Qb4 Re8 18.Nd4 e6 19.d6 Nc6 20.Nxc6 Bxc6 21.Ra1 Be5 22.Rxa7 Bxd6
23.Qb3 Rxa7 24.Bxa7 Qa5 25.Bb6 Qe5 26.f4 Bc5+ 27.Bxc5 Qxc5+ 28.Kh1 Ra8 29.Rd1
Qf2 30.Rf1 Qd2 31.Qc2 Ra2 32.Qxd2 Rxd2 33.Bb1 Re2 34.e5 {#R} 0-1

[Event "Ch USA (juniors) (under 20)"]
[Site "masterchessopen.com Washington (USA)"]
[Round "0"]
[White "Mont-Reynaud Jordy (USA)"]
[Black "Chudnovsky Jacob (USA)"]
[Result "1-0"]
[WhiteElo "2140"]
[BlackElo "2335"]

1.d4 Nf6 2.c4 g6 3.Nc3 d5 4.cxd5 Nxd5 5.e4 Nxc3 6.bxc3 Bg7 7.Bc4 c5 8.Be3 Nc6
9.Ne2 O-O 10.O-O Bg4 11.f3 Na5 12.Bd3 cxd4 13.cxd4 Be6 14.Rc1 Bxa2 15.Qa4 Be6
16.d5 Bd7 17.Qa3 e6 18.Bc5 Re8 19.Bb4 b6 20.dxe6 Rxe6 21.Nf4 Rc6 22.Be7 Qc7
23.Nd5 Qe5 24.Rcd1 Be6 25.Bb5 Bxd5 26.Rxd5 Rc3 27.Rxe5 Rxa3 28.Rd5 Ra2 29.Rfd1
h6 30.Rd8+ Rxd8 31.Rxd8+ Kh7 32.Be8 g5 33.h4 Ra1+ 34.Kf2 Ra2+ 35.Kg3 Be5+
36.Kh3 Kg6 37.h5+ Kg7 38.Bb5 f5 39.Rd7 g4+ 40.fxg4 {#r} 1-0

[Event "It (open)"]
[Site "masterchessopen.com Aarhus (Denmark)"]
[Round "9"]
[White "Jepsen Thomas (DEN)"]
[Black "Belov Vladimir (RUS)"]
[Result "0-1"]
[WhiteElo "2117"]
[BlackElo "2260"]

1.d4 Nf6 2.c4 g6 3.Nc3 d5 4.cxd5 Nxd5 5.e4 Nxc3 6.bxc3 Bg7 7.Be3 c5 8.Bc4 O-O
9.Ne2 Nc6 10.O-O Bg4 11.f3 cxd4 12.cxd4 Na5 13.Bd3 Be6 14.d5 Bxa1 15.Qxa1 f6
16.Bh6 Re8 17.Nf4 Bf7 18.Kh1 Qd6 19.h4 Rac8 20.g4 Nc4 21.Ne2 Qa3 22.Qd4 Ne5
23.Bb5 Red8 24.Bc1 Qxa2 25.g5 a6 26.gxf6 {#R} 0-1

[Event "It (open)"]
[Site "masterchessopen.com Balatonbereny (Hungary)"]
[Round "7"]
[White "Lukacs Peter (HUN)"]
[Black "Holzke Frank (GER)"]
[Result "1-0"]
[WhiteElo "2520"]
[BlackElo "2400"]

1.d4 Nf6 2.c4 g6 3.Nc3 d5 4.cxd5 Nxd5 5.e4 Nxc3 6.bxc3 Bg7 7.Bc4 c5 8.Ne2 Nc6
9.Be3 O-O 10.O-O Bg4 11.f3 Na5 12.Bd3 cxd4 13.cxd4 Be6 14.d5 Bxa1 15.Qxa1 f6
16.Rb1 Bf7 17.Bh6 Re8 18.Bb5 Qd6 19.Bxe8 Bxe8 20.Qc3 b6 21.Bf4 e5 22.dxe6 Qxe6
23.Rc1 Nc6 24.Bg3 g5 25.h4 h6 26.Rd1 Rd8 27.Rxd8 Nxd8 28.Nd4 Qe7 29.Nf5 Qc5+
30.Qxc5 bxc5 31.Nxh6+ Kh7 32.Ng4 Kg7 33.Bd6 Ne6 34.Be7 gxh4 35.Bxf6+ Kf8
36.Bxh4 c4 37.Be1 Nf4 38.Bb4+ Kg7 39.Bd2 {#r} 1-0

[Event "Ch Belgium (team) 1997/98"]
[Site "masterchessopen.com Belgium"]
[Round "2"]
[White "Thiteca Thierry (BEL)"]
[Black "Lavrenov Yuli (BEL)"]
[Result "0-1"]
[WhiteElo "2099"]
[BlackElo "2034"]

1.d4 Nf6 2.c4 g6 3.Nc3 d5 4.cxd5 Nxd5 5.e4 Nxc3 6.bxc3 Bg7 7.Bc4 c5 8.Ne2 O-O
9.O-O cxd4 10.cxd4 Nc6 11.Be3 Bg4 12.f3 Na5 13.Bd3 Be6 14.d5 Bxa1 15.Qxa1 f6
16.Bh6 Re8 17.Kh1 a6 18.f4 Rc8 19.f5 Bf7 20.fxg6 hxg6 21.Nf4 Nc4 22.Nh3 Ne5
23.Qd4 Qa5 24.Bf4 Qc3 25.Bxe5 fxe5 26.Qe3 Kg7 27.Ng5 Rf8 28.Qh3 Bg8 29.Rf7+
Bxf7 30.Qh7+ Kf6 31.h4 Qxd3 32.h5 Qd1+ {#R} 0-1

[Event "Ch Belgium (team) 1997/98"]
[Site "masterchessopen.com Belgium"]
[Round "1"]
[White "Van Beers Eddy (BEL)"]
[Black "Van Gaalen Bas (NED)"]
[Result "1-0"]
[WhiteElo "2275"]
[BlackElo "2355"]

1.d4 Nf6 2.c4 g6 3.Nc3 d5 4.cxd5 Nxd5 5.e4 Nxc3 6.bxc3 Bg7 7.Bc4 c5 8.Ne2 O-O
9.O-O Nc6 10.Be3 Bg4 11.f3 Na5 12.Bd3 cxd4 13.cxd4 Be6 14.Rc1 Bxa2 15.Qa4 Be6
16.d5 Bd7 17.Qb4 e6 18.Nc3 b6 19.Rfd1 Qf6 20.f4 exd5 21.Nxd5 Qb2 22.Qxb2 Bxb2
23.Rc7 Ba4 24.Rb1 Bg7 25.e5 Rad8 26.Ne7+ Kh8 27.Bb5 Bxb5 28.Rxb5 Rd3 29.Kf2
Rfd8 30.Nc8 Bf8 31.Nxa7 Nb3 32.Rxb6 Ra8 33.Rxf7 Nd4 34.Rbb7 Nf5 35.Rxh7+ Kg8
36.Bb6 Rad8 37.Bxd8 {#r} 1-0

[Event "It (open) \"]
[Site "masterchessopen.com Budapest (Hungary)"]
[Round "0"]
[White "Emodi Barnabas (HUN)"]
[Black "Juhasz Bela (HUN)"]
[Result "1-0"]
[WhiteElo "2360"]
[BlackElo "2124"]

1.d4 Nf6 2.c4 g6 3.Nc3 d5 4.cxd5 Nxd5 5.e4 Nxc3 6.bxc3 Bg7 7.Bc4 O-O 8.Ne2 c5
9.O-O Nc6 10.Be3 Bg4 11.f3 cxd4 12.cxd4 Na5 13.Bd3 Be6 14.d5 Bxa1 15.Qxa1 f6
16.Bh6 Re8 17.Kh1 a6 18.Nf4 Bf7 19.e5 e6 20.dxe6 Bxe6 21.exf6 Bf7 22.Be4 Nc6
23.Rd1 Qa5 24.Nd5 Rad8 25.Ne7+ Nxe7 26.Rxd8 Rxd8 27.fxe7 {#r} 1-0

[Event "Ch Sweden (master's group)"]
[Site "masterchessopen.com Haninge (Sweden)"]
[Round "3"]
[White "Eriksson Johan (SWE)"]
[Black "Nylen Anders (SWE)"]
[Result "1-0"]
[WhiteElo "2315"]
[BlackElo "2132"]

1.d4 Nf6 2.c4 g6 3.Nc3 d5 4.cxd5 Nxd5 5.e4 Nxc3 6.bxc3 Bg7 7.Bc4 c5 8.Ne2 Nc6
9.Be3 O-O 10.O-O Bg4 11.f3 Na5 12.Bd3 cxd4 13.cxd4 Be6 14.d5 Bxa1 15.Qxa1 f6
16.Kh1 Bd7 17.e5 e6 18.Bh6 Rf7 19.Nf4 Qe7 20.Qe1 fxe5 21.dxe6 Rxf4 22.Bxf4
exf4 23.exd7 Qxd7 24.Bxg6 hxg6 25.Qxa5 b6 26.Qg5 Qd6 27.Re1 Rf8 28.Qb5 Rd8
29.h3 Kh7 30.Qg5 Rd7 31.Re8 Kg7 32.Qh4 Kf7 33.Re4 Kg7 34.Re8 Kf7 35.Qh8 Re7
36.Rf8+ Ke6 37.Rf6+ {#r} 1-0

[Event "Cup Russia (open)"]
[Site "masterchessopen.com Kstovo (Russia)"]
[Round "5"]
[White "Ananchenko Igor (RUS)"]
[Black "Krivonogov A (RUS)"]
[Result "0-1"]
[WhiteElo "2285"]
[BlackElo "2315"]

1.d4 Nf6 2.c4 g6 3.Nc3 d5 4.cxd5 Nxd5 5.e4 Nxc3 6.bxc3 Bg7 7.Bc4 c5 8.Ne2 O-O
9.O-O Nc6 10.Be3 cxd4 11.cxd4 Bg4 12.f3 Na5 13.Bd3 Be6 14.Qa4 a6 15.d5 Bxa1
16.Rxa1 f6 17.Qb4 b5 18.a4 Nc6 19.Qb1 Ne5 20.axb5 axb5 21.Rxa8 Qxa8 22.dxe6
Qa3 23.Nf4 g5 24.Nd5 Nxd3 25.h4 gxh4 26.Qxb5 Kh8 27.Qd7 Ne5 28.Qxe7 Qxe7
29.Nxe7 {#R} 0-1

[Event "It (open) \"]
[Site "masterchessopen.com Litomysl (Czech Republic)"]
[Round "8"]
[White "Cedikova Katerina (CZE)"]
[Black "Kalod Radek (CZE)"]
[Result "0-1"]
[WhiteElo "2212"]
[BlackElo "2430"]

1.d4 Nf6 2.c4 g6 3.Nc3 d5 4.cxd5 Nxd5 5.e4 Nxc3 6.bxc3 Bg7 7.Bc4 c5 8.Ne2 Nc6
9.Be3 O-O 10.O-O Bg4 11.f3 Na5 12.Bd3 cxd4 13.cxd4 Be6 14.Qa4 a6 15.Rac1 b5
16.Qb4 Bxa2 17.Ra1 Bc4 18.Rxa5 Bxd3 19.Re1 Qd6 20.Qd2 Bxe2 21.Rxe2 e5 22.d5
Rfc8 23.Re1 Bf6 24.Raa1 Bd8 25.Rec1 a5 26.f4 f6 27.fxe5 fxe5 28.Qf2 Be7
29.Rxc8+ Rxc8 30.Rxa5 Qb4 31.Ra7 Rf8 {#R} 0-1

[Event "It (cat.13)"]
[Site "masterchessopen.com Malme (Sweden)"]
[Round "7"]
[White "Timman Jan H (NED)"]
[Black "Hellers Ferdinand (SWE)"]
[Result "0-1"]
[WhiteElo "2625"]
[BlackElo "2585"]

1.d4 Nf6 2.c4 g6 3.Nc3 d5 4.cxd5 Nxd5 5.e4 Nxc3 6.bxc3 Bg7 7.Bc4 c5 8.Ne2 Nc6
9.Be3 O-O 10.O-O Bg4 11.f3 Na5 12.Bd3 cxd4 13.cxd4 Be6 14.Rc1 Bxa2 15.Qa4 Bb3
16.Qb4 b6 17.Rc3 Be6 18.Bg5 Re8 19.Bb5 Bd7 20.Ba6 Nc6 21.Qc4 b5 22.Qc5 Qb6
23.Qxb6 axb6 24.Bb7 Nxd4 25.Nc1 Ra7 26.Bd5 Ne6 27.Bd2 Bxc3 28.Bxc3 Nc5 29.Ba2
Be6 30.Bb1 Rd8 {#R} 0-1

[Event "It (open) \"]
[Site "masterchessopen.com Pardubice (Czech Republic)"]
[Round "2"]
[White "Stocek Jiri (CZE)"]
[Black "Gavrjushin Oleg (KAZ)"]
[Result "1-0"]
[WhiteElo "2470"]
[BlackElo "2350"]

1.d4 Nf6 2.c4 g6 3.Nc3 d5 4.cxd5 Nxd5 5.e4 Nxc3 6.bxc3 Bg7 7.Bc4 c5 8.Ne2 O-O
9.O-O Nc6 10.Be3 Bg4 11.f3 Na5 12.Bd3 cxd4 13.cxd4 Be6 14.d5 Bxa1 15.Qxa1 f6
16.Bh6 Re8 17.Kh1 Qd6 18.Qc3 b6 19.Bf4 Qd8 20.dxe6 Rc8 21.Qa3 g5 22.Bc1 Nc4
23.Qb3 b5 24.h4 gxh4 25.Nf4 Qa5 26.Qd1 Qxa2 27.Qe1 Qa1 28.e5 Nxe5 29.Bf5 Rxc1
30.Qxc1 Qxc1 31.Rxc1 a5 32.Rc5 Rb8 33.Nd5 Rb7 34.Be4 Kg7 35.Nxf6 {#r} 1-0

[Event "Memorial P.Keres (active)"]
[Site "masterchessopen.com Tallinn (Estonia)"]
[Round "0"]
[White "Cramling Pia (SWE)"]
[Black "Malisauskas Vidmantas (LTU)"]
[Result "1-0"]
[WhiteElo "2520"]
[BlackElo "2515"]

1.d4 Nf6 2.c4 g6 3.Nc3 d5 4.cxd5 Nxd5 5.e4 Nxc3 6.bxc3 Bg7 7.Bc4 c5 8.Ne2 Nc6
9.Be3 O-O 10.O-O Bg4 11.f3 Na5 12.Bd3 cxd4 13.cxd4 Be6 14.Rc1 Bxa2 15.Qa4 Be6
16.d5 Bd7 17.Qb4 b6 18.Ba6 e6 19.Nc3 Bc8 20.Bb5 Bb7 21.Rfd1 exd5 22.Nxd5 Bxd5
23.exd5 Rc8 24.d6 Rxc1 25.Rxc1 Nb7 26.d7 Nc5 27.Bxc5 bxc5 28.Qxc5 Qb6 29.Qxb6
axb6 30.Rc8 Bf6 31.Re8 {#r} 1-0

[Event "Staatsliga (qual)"]
[Site "masterchessopen.com Austria"]
[Round "2"]
[White "Wukits Rene (AUT)"]
[Black "Schigan Manfred (AUT)"]
[Result "0-1"]
[WhiteElo "2230"]
[BlackElo "2295"]

1.d4 Nf6 2.c4 g6 3.Nc3 d5 4.cxd5 Nxd5 5.e4 Nxc3 6.bxc3 Bg7 7.Bc4 O-O 8.Ne2 c5
9.Be3 Nc6 10.O-O Bg4 11.f3 Na5 12.Bd3 cxd4 13.cxd4 Be6 14.d5 Bxa1 15.Qxa1 f6
16.Bh6 Re8 17.Nd4 Bd7 18.Rb1 e5 19.Ne2 Rc8 20.f4 b5 21.fxe5 fxe5 22.Be3 a6
23.Rb4 Nb7 24.Qe1 Qa5 25.Qb1 Nd6 26.Qb2 Nc4 27.Bxc4 Rxc4 28.Bd2 Qb6+ 29.Kh1
Qc5 30.Rxc4 Qxc4 31.Ng3 Rc8 32.h3 Qd3 {#R} 0-1

[Event "It (open)"]
[Site "masterchessopen.com Espoo (Finland)"]
[Round "3"]
[White "Paasikangas-T Johanna (FIN)"]
[Black "Johansson Jukka (FIN)"]
[Result "1-0"]
[WhiteElo "2265"]
[BlackElo "2117"]

1.d4 Nf6 2.c4 g6 3.Nc3 d5 4.cxd5 Nxd5 5.e4 Nxc3 6.bxc3 Bg7 7.Bc4 O-O 8.Ne2 c5
9.O-O Nc6 10.Be3 Bg4 11.f3 Na5 12.Bd3 cxd4 13.cxd4 Be6 14.Qa4 a6 15.Bf2 b5
16.Qb4 Nc6 17.Qb2 Qd6 18.Rad1 Rfd8 19.e5 Qb4 20.Qxb4 Nxb4 21.Be4 Nc2 22.d5 Bd7
23.e6 fxe6 24.dxe6 Bxe6 25.Bxc2 {#r} 1-0

[Event "Ch Estonia (team)"]
[Site "masterchessopen.com Estonia"]
[Round "5"]
[White "Rauk Tonu (EST)"]
[Black "Zitin Yuri (EST)"]
[Result "1-0"]
[WhiteElo "2205"]
[BlackElo "2205"]

1.d4 Nf6 2.c4 g6 3.Nc3 d5 4.cxd5 Nxd5 5.e4 Nxc3 6.bxc3 Bg7 7.Bc4 c5 8.Ne2 O-O
9.O-O Nc6 10.Be3 cxd4 11.cxd4 Bg4 12.f3 Na5 13.Bd3 Be6 14.Rc1 Bxa2 15.d5 b6
16.Ba6 Qd6 17.Nd4 Qa3 18.Qe2 Nb3 19.Nxb3 Bxb3 20.Qd3 Qa5 21.Rf2 Rad8 22.Bd2
Qa2 23.Bc3 Qa4 24.Ra1 Qxa1+ 25.Bxa1 Bxa1 26.Rf1 {#r} 1-0

[Event "It (open)"]
[Site "masterchessopen.com Fouesnant (France)"]
[Round "7"]
[White "Picart Laurent (FRA)"]
[Black "Le Du Michel (FRA)"]
[Result "1-0"]
[WhiteElo "2112"]
[BlackElo "1912"]

1.d4 Nf6 2.c4 g6 3.Nc3 d5 4.cxd5 Nxd5 5.e4 Nxc3 6.bxc3 Bg7 7.Bc4 O-O 8.Ne2 c5
9.O-O Nc6 10.Be3 cxd4 11.cxd4 Bg4 12.f3 Na5 13.Bd3 Be6 14.Rc1 Bxa2 15.Qa4 Be6
16.d5 Bd7 17.Qb4 b6 18.Nd4 f5 19.Rfd1 fxe4 20.Bxe4 Rc8 21.Nc6 Bxc6 22.dxc6 Qc7
23.Rd7 {#r} 1-0

[Event "Bundesliga 1998/99"]
[Site "masterchessopen.com Germany"]
[Round "6"]
[White "Georgiev Vladimir (MKD)"]
[Black "Pelletier Yannick (SUI)"]
[Result "1-0"]
[WhiteElo "2540"]
[BlackElo "2525"]

1.d4 Nf6 2.c4 g6 3.Nc3 d5 4.cxd5 Nxd5 5.e4 Nxc3 6.bxc3 Bg7 7.Bc4 c5 8.Ne2 Nc6
9.Be3 O-O 10.O-O Bg4 11.f3 Na5 12.Bd3 cxd4 13.cxd4 Be6 14.Rc1 Bxa2 15.Qa4 Be6
16.d5 Bd7 17.Qb4 b6 18.Ba6 Bc8 19.Bxc8 Rxc8 20.Rxc8 Qxc8 21.Qxe7 Qc2 22.Re1
Nc4 23.Bf4 Bc3 24.Nxc3 Qxc3 25.Rc1 Qd4+ 26.Kh1 b5 27.h4 Qb6 28.d6 Qd8 29.Rd1
Re8 30.Qxe8+ {#r} 1-0

[Event "Cup Russia (open)"]
[Site "masterchessopen.com Moscow (Russia)"]
[Round "5"]
[White "Getmanchuk Andrei V (RUS)"]
[Black "Krivonogov A (RUS)"]
[Result "0-1"]
[WhiteElo "2135"]
[BlackElo "2310"]

1.d4 Nf6 2.c4 g6 3.Nc3 d5 4.cxd5 Nxd5 5.e4 Nxc3 6.bxc3 Bg7 7.Bc4 c5 8.Ne2 O-O
9.O-O Nc6 10.Be3 cxd4 11.cxd4 Bg4 12.f3 Na5 13.Bd3 Be6 14.Qa4 a6 15.d5 b5
16.Qb4 Bxa1 17.Rxa1 f6 18.a4 Nc6 19.Qd2 Ne5 20.axb5 axb5 21.Rxa8 Qxa8 22.dxe6
Rd8 23.Nd4 Qa1+ 24.Bf1 Nc4 25.Nb3 Nxd2 26.Nxa1 Nxf1 27.Kf2 Nxe3 28.Kxe3 Rd6
{#R} 0-1

[Event "Ch Europe (juniors) (under 16)"]
[Site "masterchessopen.com Mureck (Austria)"]
[Round "1"]
[White "Voracek Miroslav (CZE)"]
[Black "Sebenik Matej (SLO)"]
[Result "1-0"]
[WhiteElo "2210"]
[BlackElo "2155"]

1.d4 Nf6 2.c4 g6 3.Nc3 d5 4.cxd5 Nxd5 5.e4 Nxc3 6.bxc3 Bg7 7.Bc4 O-O 8.Ne2 c5
9.O-O Nc6 10.Be3 Bg4 11.f3 Na5 12.Bd3 cxd4 13.cxd4 Be6 14.d5 Bxa1 15.Qxa1 f6
16.Rb1 Bd7 17.Bh6 Re8 18.e5 Qc7 19.exf6 exf6 20.Qxf6 Qe5 21.Qh4 Bf5 22.Bxf5
Qxf5 23.Nc3 Rad8 24.Ne4 Rxd5 25.Qf6 Qd7 26.Qa1 Rxe4 27.fxe4 Rh5 28.Rd1 Qe7
29.Rd8+ Kf7 30.Qg7+ Ke6 31.Qg8+ Qf7 32.Re8+ Kf6 33.Rf8 {#r} 1-0

[Event "It (open)"]
[Site "masterchessopen.com Seefeld (Austria)"]
[Round "7"]
[White "Roemer Ulrich (GER)"]
[Black "Schnitzspan Lothar (GER)"]
[Result "0-1"]
[WhiteElo "2310"]
[BlackElo "2310"]

1.d4 Nf6 2.c4 g6 3.Nc3 d5 4.cxd5 Nxd5 5.e4 Nxc3 6.bxc3 Bg7 7.Bc4 c5 8.Ne2 Nc6
9.Be3 O-O 10.O-O Na5 11.Bd3 Bg4 12.f3 cxd4 13.cxd4 Be6 14.Rc1 Bxa2 15.Qa4 Bb3
16.Qb4 b6 17.Bg5 f6 18.Bh4 Bf7 19.Ba6 Qd6 20.Qxd6 exd6 21.Rc7 d5 22.Nc3 dxe4
23.fxe4 f5 24.e5 Nb3 25.Rd1 Nxd4 26.Rxd4 Bxe5 27.Rdd7 Bxc7 28.Rxc7 Bb3 29.Bb7
Rab8 30.Bd5+ Bxd5 31.Nxd5 Rf7 32.Ne7+ Kf8 33.Rxa7 b5 34.Bf2 b4 35.Nc6 Rxa7
36.Bxa7 b3 {#R} 0-1

[Event "It"]
[Site "masterchessopen.com Taufkirchen (Austria)"]
[Round "1"]
[White "Herzog Ferdinand (AUT)"]
[Black "Ebner Josef (AUT)"]
[Result "1-0"]
[WhiteElo "2155"]
[BlackElo "2052"]

1.d4 Nf6 2.c4 g6 3.Nc3 d5 4.cxd5 Nxd5 5.e4 Nxc3 6.bxc3 Bg7 7.Bc4 c5 8.Ne2 O-O
9.O-O Nc6 10.Be3 cxd4 11.cxd4 Na5 12.Bd3 Bg4 13.f3 Be6 14.d5 Bd7 15.Rb1 b6
16.Qd2 Rc8 17.Rfc1 Rxc1+ 18.Rxc1 e6 19.Bg5 f6 20.Bf4 e5 21.Be3 Qb8 22.Ba6 Bc8
23.Bb5 Nb7 24.Qb4 Nd6 25.Bc6 Rd8 26.Nc3 Bf8 27.Qb3 Kg7 28.Nb5 Nxb5 29.Qxb5 Qd6
30.Qa4 Qa3 31.Kf2 Ba6 32.Bb5 Qb2+ 33.Kg3 Qxb5 34.Rc7+ Kg8 35.Qc2 Qd3 36.Qc1 h5
37.Bh6 f5 38.Qg5 Rd6 39.Bxf8 Kxf8 40.Qe7+ {#r} 1-0

[Event "It (open)"]
[Site "masterchessopen.com Turku (Finland)"]
[Round "4"]
[White "Tuominen Risto (FIN)"]
[Black "Topi-Hulmi Teemu (FIN)"]
[Result "1-0"]
[WhiteElo "2283"]
[BlackElo "2279"]

1.d4 Nf6 2.c4 g6 3.Nc3 d5 4.cxd5 Nxd5 5.e4 Nxc3 6.bxc3 Bg7 7.Bc4 c5 8.Ne2 Nc6
9.Be3 cxd4 10.cxd4 O-O 11.O-O Bg4 12.f3 Na5 13.Bd3 Be6 14.Rc1 Bxa2 15.Qa4 Be6
16.d5 Bd7 17.Qb4 b6 18.Ba6 e6 19.Nc3 Bxc3 20.Qxc3 exd5 21.Bh6 f6 22.Bxf8 Qxf8
23.exd5 Qd6 24.Qc7 Qxc7 25.Rxc7 Be8 26.Re1 Nb3 27.d6 {#r} 1-0

[Event "Ch Brazil (1/2 final)"]
[Site "masterchessopen.com Angra Dos Reis (Brazil)"]
[Round "1"]
[White "Chang Suzana (BRA)"]
[Black "Guimaraes Wagner P (BRA)"]
[Result "0-1"]
[WhiteElo "2001"]
[BlackElo "2252"]

1.d4 Nf6 2.c4 g6 3.Nc3 d5 4.cxd5 Nxd5 5.e4 Nxc3 6.bxc3 Bg7 7.Bc4 O-O 8.Ne2 c5
9.O-O Nc6 10.Be3 Bg4 11.f3 cxd4 12.cxd4 Na5 13.Bd3 Be6 14.d5 Bxa1 15.Qxa1 f6
16.Rd1 Bf7 17.Bh6 Qb6+ 18.Qd4 Rfc8 19.Be3 Qxd4 20.Bxd4 Nc4 21.Kf2 Be8 22.Nc1
Ba4 23.Nb3 Ne5 24.Bb1 Rc4 25.f4 Nf7 26.Ke3 Rb4 27.Rd3 Nd6 28.Bc2 Rc8 29.Bd1
Bb5 {#R} 0-1

[Event "It (open)"]
[Site "masterchessopen.com Brasilia (Brazil)"]
[Round "3"]
[White "Matsuura Everaldo (BRA)"]
[Black "Silva Agostinho (BRA)"]
[Result "1-0"]
[WhiteElo "2408"]
[BlackElo "2160"]

1.d4 Nf6 2.c4 g6 3.Nc3 d5 4.cxd5 Nxd5 5.e4 Nxc3 6.bxc3 Bg7 7.Bc4 c5 8.Ne2 O-O
9.O-O cxd4 10.cxd4 Nc6 11.Be3 Bg4 12.f3 Na5 13.Bd3 Be6 14.Rc1 Bxa2 15.Qa4 Bb3
16.Qb4 b6 17.Bg5 f6 18.Bf4 Bf7 19.Bc7 {#r} 1-0

[Event "It (open)"]
[Site "masterchessopen.com Cappelle la Grande (France)"]
[Round "3"]
[White "Shneider Aleksandr (UKR)"]
[Black "De Vreugt Dennis (NED)"]
[Result "1-0"]
[WhiteElo "2551"]
[BlackElo "2398"]

1.d4 Nf6 2.c4 g6 3.Nc3 d5 4.cxd5 Nxd5 5.e4 Nxc3 6.bxc3 Bg7 7.Bc4 c5 8.Ne2 O-O
9.O-O Nc6 10.Be3 Bg4 11.f3 Na5 12.Bd3 cxd4 13.cxd4 Be6 14.Rc1 Bxa2 15.Qa4 Bb3
16.Qb4 b6 17.Bg5 f6 18.Bh4 Bf7 19.Ba6 Qd6 20.Qxd6 exd6 21.Rc7 d5 22.Nc3 Rad8
23.Bf2 dxe4 24.fxe4 Be6 25.Rxa7 Nc6 26.Rc7 Nxd4 27.Nd5 Nf5 28.Nf4 {#r} 1-0

[Event "Ch Ireland"]
[Site "masterchessopen.com Drogheda (Ireland)"]
[Round "4"]
[White "O'Connell Gerard (IRL)"]
[Black "Dooley Michael (IRL)"]
[Result "0-1"]
[WhiteElo "2201"]
[BlackElo "2214"]

1.d4 Nf6 2.c4 g6 3.Nc3 d5 4.cxd5 Nxd5 5.e4 Nxc3 6.bxc3 Bg7 7.Bc4 c5 8.Ne2 O-O
9.Be3 Nc6 10.O-O Bg4 11.f3 Na5 12.Bd3 cxd4 13.cxd4 Be6 14.d5 Bxa1 15.Qxa1 f6
16.Rb1 Bf7 17.Nd4 a6 18.a4 Rc8 19.Rb4 Qd6 20.Qb2 Rc5 21.Rb6 Qc7 22.Bh6 Rc8
23.Ne2 Nc4 24.Bxc4 Rxc4 25.Rxf6 exf6 26.Qxf6 Bxd5 27.exd5 Qf7 28.Qa1 Qd7
29.Ng3 Rxa4 30.Qb2 b5 31.Ne4 Qa7+ 32.Kf1 Qd4 33.Qxd4 Rxd4 34.d6 Rd8 35.d7 Kf7
36.Nc5 a5 37.Nb7 R8xd7 38.Nxa5 {#R} 0-1

[Event "Ch DDMM (w)"]
[Site "masterchessopen.com Germany"]
[Round "0"]
[White "Ulms Sandra (GER)"]
[Black "Claus Caroline (GER)"]
[Result "1-0"]
[WhiteElo "2127"]
[BlackElo "2154"]

1.d4 Nf6 2.c4 g6 3.Nc3 d5 4.cxd5 Nxd5 5.e4 Nxc3 6.bxc3 Bg7 7.Bc4 c5 8.Ne2 O-O
9.Be3 Nc6 10.O-O Bg4 11.f3 Na5 12.Bd3 cxd4 13.cxd4 Be6 14.Rc1 Bxa2 15.Qa4 Bb3
16.Qa3 b6 17.d5 Qd7 18.Bd2 Qa4 19.Qxe7 Nc4 20.Bc3 Rfe8 21.Qg5 h6 22.Qg3 Ne5
23.Bxe5 Bxe5 24.f4 Bg7 25.d6 Rad8 26.e5 Rd7 27.Kh1 Qa2 28.Bb5 Be6 29.Nd4 Red8
30.Nxe6 Qxe6 31.Bxd7 Rxd7 32.Qc3 Qe8 33.Rfd1 Kf8 34.Qc8 h5 35.Rc7 Rd8 36.Qb7
g5 37.d7 Qe7 38.Rc8 gxf4 39.Qb8 {#r} 1-0

[Event "Ch Manhattan Chess Club"]
[Site "masterchessopen.com New York (USA)"]
[Round "3"]
[White "Cooke Eric (USA)"]
[Black "Lapshun Yury (USA)"]
[Result "0-1"]
[WhiteElo "2250"]
[BlackElo "2507"]

1.d4 Nf6 2.c4 g6 3.Nc3 d5 4.cxd5 Nxd5 5.e4 Nxc3 6.bxc3 Bg7 7.Bc4 c5 8.Ne2 Nc6
9.Be3 O-O 10.O-O Bg4 11.f3 cxd4 12.cxd4 Na5 13.Bd3 Be6 14.Rc1 Bxa2 15.Qa4 Be6
16.d5 Bd7 17.Qa3 e6 18.Bd2 Qb6+ 19.Kh1 Nb3 20.Rb1 Nxd2 21.Rxb6 axb6 22.Qe7
Nxf1 23.Qxd7 exd5 24.exd5 Ne3 25.Kg1 Rad8 26.Qxb7 Rxd5 27.Be4 Rd2 28.Kf2 Nxg2
29.Kxg2 Rxe2+ 30.Kg3 Rb2 31.Qe7 b5 32.h4 h5 33.Bd5 Rd2 34.Qg5 Rd4 35.Ba2 Kh7
36.Qxb5 Bh6 37.Bb1 Bf4+ 38.Kf2 Rb8 39.Qxh5+ Kg7 {#R} 0-1

[Event "Ch Rheinhausen"]
[Site "masterchessopen.com Rheinhausen (Germany)"]
[Round "0"]
[White "Vasiljevs Jurijs (LAT)"]
[Black "Stillger Bernhard (GER)"]
[Result "0-1"]
[WhiteElo "2065"]
[BlackElo "2374"]

1.d4 Nf6 2.c4 g6 3.Nc3 d5 4.cxd5 Nxd5 5.e4 Nxc3 6.bxc3 Bg7 7.Bc4 c5 8.Ne2 Nc6
9.Be3 O-O 10.O-O Bg4 11.f3 Na5 12.Bd3 cxd4 13.cxd4 Be6 14.Qd2 Nc4 15.Bxc4 Bxc4
16.Rfd1 e6 17.Rac1 Rc8 18.Ng3 Qd7 19.e5 Bd5 20.Bh6 Rxc1 21.Rxc1 Bxh6 22.Qxh6
Rc8 23.Rxc8+ Qxc8 24.Qg5 h6 25.Qxh6 Qc3 26.h4 Qxd4+ 27.Kh2 Qxe5 28.a3 b6
29.Kh3 Qg7 30.Qg5 Kh7 31.Ne4 Bxe4 32.fxe4 Qc3+ 33.g3 Qf3 34.Qe5 f5 35.Qc7+ Kh6
36.exf5 Qh1+ 37.Kg4 gxf5+ 38.Kf4 Qe4# 0-1